Smart structures and materials '93 : smart sensing, processing, and instrumentation : 1-4 February 1993, Albuquerque, New Mexico /

Bibliographic Details
Corporate Authors: Society of Photo-optical Instrumentation Engineers, North American Conference on Smart Structures and Materials
Other Authors: Claus, Richard O.
Format: Conference Proceeding Book
Language:English
Published: Bellingham, Wash. : SPIE--the International Society for Optical Engineering in cooperation with Institute of Physics Pub. and Society for Experimental Mechanics, [1993]
Series:Proceedings of SPIE--the International Society for Optical Engineering ; v. 1918.
Smart materials and structures series ; v. 6.
Subjects:

MARC

Tag First Indicator Second Indicator Subfields
LEADER 00000cam a2200000 a 4500
001 in00001142012
005 20150930093759.0
008 930810s1993 waua b 101 0 eng d
010 |a  93083560  
020 |a 0819411515 
035 |a (OCoLC)28597988 
035 |9 AGB2138AM 
040 |a NDD  |c NDD  |d CUS  |d TXA  |d UtOrBLW 
049 |a TXAM 
090 |a TA418.9.S62  |b S44 1993 
092 |a 621.367  |b N864, S636, 1993 
245 0 0 |a Smart structures and materials '93 :  |b smart sensing, processing, and instrumentation : 1-4 February 1993, Albuquerque, New Mexico /  |c Richard O. Claus, chair/editor ; sponsored ... by SPIE--the International Society for Optical Engineering. 
264 1 |a Bellingham, Wash. :  |b SPIE--the International Society for Optical Engineering in cooperation with Institute of Physics Pub. and Society for Experimental Mechanics,  |c [1993] 
264 4 |c ©1993 
300 |a ix, 452 pages :  |b illustrations ;  |c 28 cm. 
336 |a text  |b txt  |2 rdacontent 
337 |a unmediated  |b n  |2 rdamedia 
338 |a volume  |b nc  |2 rdacarrier 
490 1 |a Proceedings / SPIE--the international society for optical engineering ;  |v v. 1918 
490 1 |a Smart materials and structures series ;  |v vol. 6 
500 |a Papers presented at the 1993 North American Conference on Smart Structures and Materials. 
500 |a "Published in cooperation with Institute of Physics Publishing (IOPP) as part of its Smart materials and structures series (volume 6) and Society for Experimental Mechanics." 
504 |a Includes bibliographical references and index. 
650 0 |a Smart materials  |v Congresses. 
650 0 |a Optical detectors  |v Congresses. 
650 0 |a Optical instruments  |v Congresses. 
650 0 |a Smart structures  |v Congresses. 
700 1 |a Claus, Richard O. 
710 2 |a Society of Photo-optical Instrumentation Engineers. 
711 2 |a North American Conference on Smart Structures and Materials  |d (1993 :  |c Albuquerque, N.M.) 
740 0 |a Smart sensing, processing, and instrumentation. 
830 0 |a Proceedings of SPIE--the International Society for Optical Engineering ;  |v v. 1918. 
830 0 |a Smart materials and structures series ;  |v v. 6. 
999 |a MARS 
999 f f |s 1ff1e1d0-3341-320c-8582-470e4f704b82  |i e62ce9dd-3d4a-3354-b3aa-6f1c79c66555  |t 0 
952 f f |p ric  |a Texas A&M University  |b Rellis Campus  |c Joint Library Facility  |d Remote Storage  |t 0  |e TA418.9.S62 S44 1993  |h Library of Congress classification  |i unmediated -- volume  |m A14817436536 
998 f f |a TA418.9.S62 S44 1993  |t 0  |l Remote Storage